_Mastering Windows Vista Business ultimate, business and enterprise/ Mark, Minasi (Record no. 15174)
[ view plain ]
| 000 -LEADER | |
|---|---|
| fixed length control field | 00524nam a2200169Ia 4500 |
| 008 - FIXED-LENGTH DATA ELEMENTS--GENERAL INFORMATION | |
| fixed length control field | 151021s9999 xx 000 0 und d |
| 020 ## - INTERNATIONAL STANDARD BOOK NUMBER | |
| International Standard Book Number | 9.7804700462e+012 |
| 050 ## - LIBRARY OF CONGRESS CALL NUMBER | |
| Classification number | QA 76.76.O63M57465 2007 |
| 245 ## - TITLE STATEMENT | |
| Title | _Mastering Windows Vista Business ultimate, business and enterprise/ Mark, Minasi |
| 260 ## - PUBLICATION, DISTRIBUTION, ETC. (IMPRINT) | |
| Place of publication, distribution, etc. | Canada: Wiley , 2007 |
| 300 ## - PHYSICAL DESCRIPTION | |
| Extent | xl,1064p. |
| 500 ## - GENERAL NOTE | |
| General note | Includes index |
| 500 ## - GENERAL NOTE | |
| General note | Includes index |
| 650 ## - SUBJECT ADDED ENTRY--TOPICAL TERM | |
| Topical term or geographic name as entry element | _Microst Window |
| 700 ## - ADDED ENTRY--PERSONAL NAME | |
| Personal name | _John Paul Mueller |
| 980 ## - EQUIVALENCE OR CROSS-REFERENCE-SERIES STATEMENT--PERSONAL NAME/TITLE [LOCAL, CANADA] | |
| Personal name | ^d20150529 11:35:17^omwanik |
No items available.